国道1号が通過する自治体 - Statistics

General Stats
  • This quiz has been taken 243 times
    216 since last reset
  • The average score is 39 of 57
Answer Stats
Answer % Correct
中央区
100%
千代田区
94%
港区
92%
大田区
92%
川崎市
92%
横浜市
92%
品川区
90%
藤沢市
87%
茅ヶ崎市
85%
平塚市
85%
小田原市
85%
箱根町
83%
大磯町
81%
二宮町
80%
静岡市
76%
三島市
74%
富士市
74%
沼津市
73%
浜松市
72%
豊橋市
72%
湖西市
71%
岡崎市
71%
名古屋市
71%
函南町
70%
掛川市
70%
島田市
68%
磐田市
68%
豊川市
68%
大阪市
68%
藤枝市
67%
安城市
66%
京都市
64%
長泉町
63%
袋井市
63%
大津市
63%
草津市
62%
四日市市
61%
刈谷市
60%
桑名市
60%
亀山市
60%
清水町
59%
知立市
59%
鈴鹿市
57%
弥富市
56%
甲賀市
56%
枚方市
56%
守口市
56%
豊明市
54%
蟹江町
54%
湖南市
54%
栗東市
54%
寝屋川市
53%
朝日町
52%
川越町
52%
八幡市
52%
愛西市
50%
久御山町
45%
No matching quizzes found
Score Distribution
Percent of People with Each Score
Percentile by Number Answered
Your Score History
You have not taken this quiz since the last reset